000 00839nam a22001937a 4500
999 _c20994
_d20994
003 AR-CdUCM
008 190723b ||||| |||| 00| 0 spa d
040 _aMUNICIPALIDAD PROVINCIAL DEL CUSCO
_cBIBLIOTECA MUNICIPAL DEL CUSCO
082 _aC / 391.985 /
_bV63
100 _aVidal de Milla, Delia
_924007
245 _aDocumental de la historia de la Linea Cuzqueña /
260 _aCusco :
_c1969.
300 _bfotografías , ilustraciones ;
_c33 páginas ;
505 _aContenido : Primer desfile de trajes 1955-Hotel Cusco -- Concurso de la muñeca peruana 1958 -- Concurso de industrias turísticas 1963 -- Museo del traje típico -- Desfile presentado en la ciudad de Trujillo con motivo de la fiesta de la primavera 1964 ...
650 _aTraje típicos
_943790
650 _aCusco
_9772
942 _2ddc
_cLIBROS
945 _azta